| 000 | 01270pab a2200169 454500 | ||
|---|---|---|---|
| 008 | 180718b1998 xxu||||| |||| 00| 0 eng d | ||
| 100 | _aIndergaard, Michael | ||
| 245 | _aBeyond the region: the rise and fall of economic regionalism in downriver detroit | ||
| 260 | _c1998 | ||
| 300 | _ap.241-62 | ||
| 362 | _aNov | ||
| 520 | _aDoes economic restructuring provide opportunities for remaking old industrial centers into regional industrial systems? Such regions possess institutions that allow firms and support organizations to adjust to market shifts. The case of Detroit's Downriver suburbs is used to explore this question in a metropolitan setting. Downriver regionalism supported several market interventions, showing that restructuring can create opportunities for economic regionalism. However, regionalism did not produce industrial adjustment mechanisms and eventually succumbed to interlocal competition for investment. The author concludes that prospects for regional systems are diminished by metropolitan fragmentation and national policies promoting capital mobility as the primary mechanism for economic adjustment. - Reproduced | ||
| 650 | _aRegionalism - United States | ||
| 650 | _aRegionalism | ||
| 773 | _aUrban Affairs Review | ||
| 909 | _a40682 | ||
| 999 |
_c40682 _d40682 |
||